书目信息 |
| 题名: |
刑事诉讼法学
|
|
| 作者: | 宋英辉, 主编 | |
| 分册: | ||
| 出版信息: | 北京 北京师范大学出版社 2010.06 |
|
| 页数: | 480页 | |
| 开本: | 23cm | |
| 丛书名: | 法学核心课系列教材 | |
| 单 册: | ||
| 中图分类: | D925.201 | |
| 科图分类: | ||
| 主题词: | 刑事诉讼法--xing shi su song fa--法学--中国--高等学校--教材 | |
| 电子资源: | ||
| ISBN: | 978-7-303-10800-8 | |
| 000 | 01047nam 2200265 450 | |
| 001 | CAL 012010151617 | |
| 005 | 20111228112017.34 | |
| 010 | @a978-7-303-10800-8@dCNY39.00 | |
| 100 | @a20100617d2010 em y0chiy50 ea | |
| 101 | 0 | @achi |
| 102 | @aCN@b110000 | |
| 105 | @ay a 000yy | |
| 200 | 1 | @a刑事诉讼法学@Axing shi su song fa xue@f宋英辉主编 |
| 210 | @a北京@c北京师范大学出版社@d2010.06 | |
| 215 | @a480页@d23cm | |
| 225 | 2 | @a法学核心课系列教材@Afa xue he xin ke xi lie jiao cai |
| 300 | @a新世纪高等学校教材 | |
| 320 | @a有书目 (第475-480页) | |
| 330 | @a本书共分绪论、总论、证据、程序论、联合国刑事司法准则五编,其中内容包括:刑事诉讼法概述;刑事诉讼法的历史发展;刑事诉讼理论基本范畴;专门机关与诉讼参与人;刑事诉讼基本原则等。 | |
| 410 | 0 | @12001 @a法学核心课系列教材 |
| 606 | 0 | @a刑事诉讼法@Axing shi su song fa@x法学@y中国@x高等学校@j教材 |
| 690 | @aD925.201@v4 | |
| 701 | 0 | @a宋英辉,@ASong Yinghui@f1957-@4主编@3CAL n2004438067#@7jt0yjt0y@7ec0yec0y |
| 801 | 0 | @aCN@bCEPC1@c20111228 |
| 905 | @aZUCC@dD925.201@eS785@f2 | |
| 刑事诉讼法学/宋英辉主编.-北京:北京师范大学出版社,2010.06 |
| 480页;23cm.-(法学核心课系列教材) |
| 新世纪高等学校教材 |
| ISBN 978-7-303-10800-8:CNY39.00 |
| 本书共分绪论、总论、证据、程序论、联合国刑事司法准则五编,其中内容包括:刑事诉讼法概述;刑事诉讼法的历史发展;刑事诉讼理论基本范畴;专门机关与诉讼参与人;刑事诉讼基本原则等。 |
| ● |
| 相关链接 |
|
|
|
正题名:刑事诉讼法学
索取号:D925.201/S785
 
预约/预借
| 序号 | 登录号 | 条形码 | 馆藏地/架位号 | 状态 | 备注 |
| 1 | 1184480 | 211844806 | 社科库509/509社科库 101排2列4层/ [索取号:D925.201/S785] | 在馆 | |
| 2 | 1184481 | 211844815 | 社科库509/509社科库 101排2列4层/ [索取号:D925.201/S785] | 在馆 |